サザンオールスターズの歴代シングル - Statistics

General Stats
  • This quiz has been taken 2 times
  • The average score is 26 of 64
Answer Stats
Hint Answer % Correct
熱い胸騒ぎ 勝手にシンドバッド
100%
10ナンバーズ・からっと いとしのエリー
100%
オリジナルアルバム未収録 HOTEL PACIFIC
100%
オリジナルアルバム未収録 TSUNAMI
100%
10ナンバーズ・からっと 気分しだいで責めないで
50%
タイニイ・バブルス 涙のアベニュー
50%
オリジナルアルバム未収録 いなせなロコモーション
50%
オリジナルアルバム未収録 わすれじのレイド・バック
50%
ステレオ太陽族 栞のテーマ
50%
オリジナルアルバム未収録 みんなのうた
50%
SOUTHERN ALL STARS さよならベイビー
50%
稲村ジェーン 真夏の果実
50%
アルバム未収録 ネオ・ブラボー!!
50%
世に万葉の花は咲くなり 涙のキッス
50%
Young Love 太陽は罪な奴
50%
オリジナルアルバム未収録 イエローマン 〜星の王子様〜
50%
キラーストリート 君こそスターだ/夢に消えたジュリア
50%
葡萄 ピースとハイライト
50%
配信 歌えニッポンの空
50%
配信 恋のブギウギナイト
50%
配信 ジャンヌ・ダルクによろしく
50%
配信 桜、ひらり
50%
さくら 01MESSENGER 〜電子狂の詩〜
50%
キラーストリート 彩 〜Aja〜
50%
さくら BLUE HEAVEN
50%
キラーストリート BOHBO No.5/神の島遥か国
50%
KAMAKURA Bye Bye My Love (U are the one)
50%
タイニイ・バブルス C調言葉に御用心
50%
オリジナルアルバム未収録 DIRTY OLD MAN 〜さらば夏よ〜
50%
綺麗 EMANON
50%
オリジナルアルバム未収録 エロティカ・セブン EROTICA SEVEN
50%
オリジナルアルバム未収録 I AM YOUR SINGER
50%
配信 壮年JUMP
50%
キラーストリート 愛と欲望の日々/LONELY WOMAN
50%
さくら LOVE AFFAIR 〜秘密のデート
50%
KAMAKURA メロディ (Melody)
50%
人気者で行こう ミス・ブランニュー・デイ (MISS BRAND-NEW DAY)
50%
オリジナルアルバム未収録 素敵なバーディー (NO NO BIRDY)
50%
さくら PARADISE
50%
配信 Relay〜杜の詩
50%
キラーストリート 涙の海で抱かれたい 〜SEA OF LOVE〜
50%
世に万葉の花は咲くなり シュラバ★ラ★バンバ SHULABA-LA-BAMBA
50%
Young Love 愛の言霊 〜Spiritual Message〜
50%
Young Love あなただけを 〜Summer Heartbreak〜
50%
アルバム未収録 Tarako
50%
NUDE MAN 匂艶にじいろ THE NIGHT CLUB
50%
葡萄 東京VICTORY
50%
10ナンバーズ・からっと 思い過ごしも恋のうち
0%
タイニイ・バブルス 恋のマンスリー・デイ
0%
オリジナルアルバム未収録 シャ・ラ・ラ/ごめんねチャーリー
0%
オリジナルアルバム未収録 チャコの海岸物語
0%
オリジナルアルバム未収録 東京シャッフル
0%
オリジナルアルバム未収録 クリスマス・ラブ (涙のあとには白い雪が降る)
0%
配信 闘う戦士たちへ愛を込めて
0%
配信 愛はスローにちょっとずつ
0%
配信 盆ギリ恋歌
0%
SOUTHERN ALL STARS フリフリ'65
0%
ステレオ太陽族 Big Star Blues (ビッグスターの悲劇)
0%
オリジナルアルバム未収録 この青い空、みどり 〜BLUE IN GREEN〜
0%
オリジナルアルバム未収録 マンピーのG★SPOT
0%
オリジナルアルバム未収録 ボディ・スペシャルII (BODY SPECIAL)
0%
オリジナルアルバム未収録 ジャズマン(JAZZ MAN)
0%
SOUTHERN ALL STARS 女神達への情歌 (報道されないY型ケイの彼方へ)
0%
オリジナルアルバム未収録 Ya Ya (あの時代ときを忘れない)
0%
No matching quizzes found
Score Distribution
Percent of People with Each Score
Percentile by Number Answered
Your Score History
You have not taken this quiz